000
00260nam a22001217a 4500
008
181106b xxu||||| |||| 00| 0 eng d
041
_a
eng
080
_a
611
100
_a
6
101
_a
ANA
245
_a
The Anatomy of Sleep
_c
Nutley,N.J
942
_2
udc
_c
BK
999
_c
51956
_d
51956